00414nam a2200145 a 450000500170000000800410001702000180005805000190007610000230009524500300011826000160014844000470016465000310021165000260024220141022142001.0110118s19uu xx 00 eng d a9781433804212 aDVDbMc14 2009 aMcDaniel, Susan H. aFamily Therapy over time. bAPA,c2009. aSeries VIII- Psychotherapy in six sessions aFamily therapy-Psychology. aTreatment-Psychology.